00493nam a22001337a 450000500170000000800410001704100130005808200150007110000490008624501220013526000460025730000310030365000250033420231113120818.0231113b |||||||| |||| 00| 0 eng d aEnglish  a345.5 LAN  aLansdown, CWH and Van der Riet, EFlEnglish  aJudicial Interpretations of the South African Criminal Procedure Acts (1917-1955) /cCWH Lansdown and EF Van der Riet aCape Town : bJuta and Company Ltd,c1956 bxix, 583 pages ; c26 cm.  aLegal practice bLaw